00588 2200217 4500001002100000005001500021035002000036007000300056008004100059020001800100082000800118084001400126100001800140245007300158260004500231300003100276650002100307700001800328990001200346990001200358INLIS00000000000167520180305023614 a0010-0318000018ta180305 g 0 ind  a9786020324432 a745 a745 IVA l0 aIVA, Hardiana1 a50 Kreasi Kreatif Kardus Bekas /cIva Hardiana; editor, Petra Aquina aJakarta :bGramedia Pustaka Utama,c2015 a86 hlm. :bilus. ;c23 cm. aKERAJINAN TANGAN0 aPETRA, Aquina a16586 a a16586 b